Statistics for D-vel kezdődő országok

Click here to take the quiz!

General Stats

  • This quiz has been taken 20 times
  • The average score is 4 of 7

Answer Stats

Ország% Correct
Dánia
100%
Dzsibuti
58%
Dominikai Közösség
50%
Dominikai Köztársaság
50%
Dél-afrikai Köztársaság
42%
Dél-Korea
33%
Dél-Szudán
33%

Score Distribution

Percentile by Number Answered

Percent of People with Each Score

Your Score History

You have not taken this quiz